00397 a2200157 4500003000400000005001700004008004100021020001800062040000900080082001500089100001600104245006300120250001300183260003300196300001000229OSt20230902145235.0230902b |||||||| |||| 00| 0 eng d a9789352837366 coclc a338bAHU/B aAhuja, H L  aBUSINESS ECONOMICSb MICROECONOMIC ANALYSIS / cH L Ahuja a13th ed. aNew Delihi:bS Chand,c2022. a690 p